F1 Drivers By Year 2020 - 2024 - Statistics

General Stats
  • This quiz has been taken 190 times
  • The average score is 99 of 112
Answer Stats
Year Team Driver % Correct
2024 Red Bull Racing Honda RBPT Max Verstappen
99%
2023 Red Bull Racing Honda RBPT Max Verstappen
99%
2022 Red Bull Racing RBPT Max Verstappen
99%
2021 Red Bull Racing Honda Max Verstappen
99%
2020 Red Bull Racing Honda Max Verstappen
99%
2024 Ferrari Charles Leclerc
97%
2023 Ferrari Charles Leclerc
97%
2022 Ferrari Charles Leclerc
97%
2021 Ferrari Charles Leclerc
97%
2020 Ferrari Charles Leclerc
97%
2024 Mercedes Lewis Hamilton
97%
2023 Mercedes Lewis Hamilton
97%
2022 Mercedes Lewis Hamilton
97%
2021 Mercedes Lewis Hamilton
97%
2020 Mercedes Lewis Hamilton
97%
2024 RB Honda RBPT Yuki Tsunoda
97%
2023 AlphaTauri Honda RBPT Yuki Tsunoda
97%
2022 AlphaTauri RBPT Yuki Tsunoda
97%
2021 AlphaTauri Honda Yuki Tsunoda
97%
2024 Ferrari Carlos Sainz
96%
2023 Ferrari Carlos Sainz
96%
2022 Ferrari Carlos Sainz
96%
2021 Ferrari Carlos Sainz
96%
2020 McLaren Renault Carlos Sainz
96%
2024 Aston Martin Aramco Mercedes Fernando Alonso
96%
2023 Aston Martin Aramco Mercedes Fernando Alonso
96%
2022 Alpine Renault Fernando Alonso
96%
2021 Alpine Renault Fernando Alonso
96%
2024 McLaren Mercedes Lando Norris
96%
2023 McLaren Mercedes Lando Norris
96%
2022 McLaren Mercedes Lando Norris
96%
2021 McLaren Mercedes Lando Norris
96%
2020 McLaren Renault Lando Norris
96%
2024 Kick Sauber Ferrari Valtteri Bottas
96%
2023 Alfa Romeo Ferrari Valtteri Bottas
96%
2022 Alfa Romeo Ferrari Valtteri Bottas
96%
2021 Mercedes Valtteri Bottas
96%
2020 Mercedes Valtteri Bottas
96%
2024 Alpine Renault Esteban Ocon
95%
2023 Alpine Renault Esteban Ocon
95%
2022 Alpine Renault Esteban Ocon
95%
2021 Alpine Renault Esteban Ocon
95%
2020 Renault Esteban Ocon
95%
2024 Aston Martin Aramco Mercedes Lance Stroll
95%
2023 Aston Martin Aramco Mercedes Lance Stroll
95%
2022 Aston Martin Aramco Mercedes Lance Stroll
95%
2021 Aston Martin Mercedes Lance Stroll
95%
2020 Racing Point BWT Mercedes Lance Stroll
95%
2024 McLaren Mercedes Oscar Piastri
95%
2023 McLaren Mercedes Oscar Piastri
95%
2024 Alpine Renault Pierre Gasly
95%
2023 Alpine Renault Pierre Gasly
95%
2022 AlphaTauri RBPT Pierre Gasly
95%
2021 AlphaTauri Honda Pierre Gasly
95%
2020 AlphaTauri Honda Pierre Gasly
95%
2024 Red Bull Racing Honda RBPT Sergio Perez
95%
2023 Red Bull Racing Honda RBPT Sergio Perez
95%
2022 Red Bull Racing RBPT Sergio Perez
95%
2021 Red Bull Racing Honda Sergio Perez
95%
2020 Racing Point BWT Mercedes Sergio Perez
95%
2024 RB Honda RBPT Daniel Ricciardo
94%
2023 AlphaTauri Honda RBPT Daniel Ricciardo
94%
2022 McLaren Mercedes Daniel Ricciardo
94%
2021 McLaren Mercedes Daniel Ricciardo
94%
2020 Renault Daniel Ricciardo
94%
2024 Mercedes George Russell
94%
2023 Mercedes George Russell
94%
2022 Mercedes George Russell
94%
2021 Williams Mercedes George Russell
94%
2020 Williams Mercedes George Russell
94%
2024 Williams Mercedes Alexander Albon
93%
2023 Williams Mercedes Alexander Albon
93%
2022 Williams Mercedes Alexander Albon
93%
2020 Red Bull Racing Honda Alexander Albon
93%
2024 Haas Ferrari Nico Hulkenberg
92%
2023 Haas Ferrari Nico Hulkenberg
92%
2022 Aston Martin Aramco Mercedes Nico Hulkenberg
92%
2020 Racing Point BWT Mercedes Nico Hulkenberg
92%
2024 Haas Ferrari Kevin Magnussen
91%
2023 Haas Ferrari Kevin Magnussen
91%
2022 Haas Ferrari Kevin Magnussen
91%
2020 Haas Ferrari Kevin Magnussen
91%
2024 Ferrari Oliver Bearman
89%
2024 Haas Ferrari Oliver Bearman
89%
2024 RB Honda RBPT Liam Lawson
87%
2023 AlphaTauri Honda RBPT Liam Lawson
87%
2024 Kick Sauber Ferrari Zhou Guanyu
87%
2023 Alfa Romeo Ferrari Zhou Guanyu
87%
2022 Alfa Romeo Ferrari Zhou Guanyu
87%
2024 Williams Mercedes Logan Sargeant
85%
2023 Williams Mercedes Logan Sargeant
85%
2022 Aston Martin Aramco Mercedes Sebastian Vettel
85%
2021 Aston Martin Mercedes Sebastian Vettel
85%
2020 Ferrari Sebastian Vettel
85%
2024 Williams Mercedes Franco Colapinto
79%
2021 Alfa Romeo Racing Ferrari Kimi Raikkonen
75%
2020 Alfa Romeo Racing Ferrari Kimi Raikkonen
75%
2022 Williams Mercedes Nicolas Latifi
72%
2021 Williams Mercedes Nicolas Latifi
72%
2020 Williams Mercedes Nicolas Latifi
72%
2021 Haas Ferrari Nikita Mazepin
71%
2022 Haas Ferrari Mick Schumacher
70%
2021 Haas Ferrari Mick Schumacher
70%
2020 Haas Ferrari Romain Grosjean
67%
2021 Alfa Romeo Racing Ferrari Antonio Giovinazzi
57%
2020 Alfa Romeo Racing Ferrari Antonio Giovinazzi
57%
2023 AlphaTauri Honda RBPT Nyck De Vries
57%
2022 Williams Mercedes Nyck De Vries
57%
2020 AlphaTauri Honda Daniil Kvyat
56%
2021 Alfa Romeo Racing Ferrari Robert Kubica
42%
2020 Williams Mercedes Jack Aitken
30%
2020 Haas Ferrari Pietro Fittipaldi
29%
No matching quizzes found
Score Distribution
Percent of People with Each Score
Percentile by Number Answered
Your Score History
You have not taken this quiz